000 02235cam a22003611 4500
001 gs 66000241
003 DLC
005 20260227111419.0
008 780801s1966 dcuab b f000 0 eng c
010 _ags 66000241
035 _a(OCoLC)4102035
040 _aU.S. Geol. Survey. Library.
_cCLS
_dOCoLC
_dDLC
042 _apremarc
043 _an-u-ny
050 0 0 _aTC801
_b.U2 no. 1825
082 _a851.4/9/09747245
100 1 _aIsbister, John.
245 1 0 _aGeology and hydrology of northeastern Nassau County, Long Island, New York /
_cby John Isbister.
260 _aWashington :
_bU.S. Govt. Print. Off.,
_c1966.
300 _avi, 80 p. :
_bill., maps ;
_c24 cm.
440 0 _aGeological Survey water-supply paper ;
_v1825
500 _aPart of illustrative matter folded in pocket.
500 _a"Prepared in cooperation with the Nassau County Department of Public Works and the New York State Water Resources Commission."
501 _aCopy 1 with: Ground-water levels in the United States 1960-64. South-central states / prepared under the direction of C. L. McGuinness -- Water resources of the Ipswich River Basin, Massachusetts / by E. A. Sammel, J. A. Baker and R. A. Brackley. Washington : Govt. Print. Off., 1966-1967. Bound together subsequent to publication.
_5DLC
501 _aCopy 2 with: Water resources of the Ipswich River Basin, Massachusetts / by E. A. Sammel, J. A. Baker and R. A. Brackley -- Form and stability of aluminum hydroxide complexes in dilute solution / by J. D. Hem and C. E. Roberson --Graphical methods for studies of aqueous aluminum hydroxide, fluoride, and sulfate complexes / by J. D. Hem -- Solubility of aluminum in the presence of hydroxide fluoride, and sulfate / by C. E. Roberson and J. D. Hem. Washington : Govt. Print. Off., 1966-1969. Bound together subsequent to publication.
_5DLC
504 _aBibliography: p. 83-85.
650 0 _aGeology
_zNew York (State)
_zNassau County.
650 0 _aWater-supply
_zNew York (State)
_zNassau County.
650 0 _aGroundwater
_zNew York (State)
_zNassau County.
650 0 _aWater
_xAnalysis.
710 1 _aNassau County (N.Y.).
_bDepartment of Public Works.
710 1 _aNew York (State).
_bWater Resources Commission.
999 _c30231
_d30231